Statistics for Angola Country Quiz

Click here to take the quiz!

General Stats

  • This quiz has been taken 2,596 times
    (2,522 since last reset)
  • The average score is 11 of 15

Answer Stats

Clue Answer % Correct
Country bordering Angola whose name starts with ZZambia
99%
Country that borders Angola to the southNamibia
95%
This accounts for 97% of Angola's exportsOil
90%
Two longest rivers that touch some part of AngolaCongo River
89%
Capital of AngolaLuanda
88%
State ideology of Angola, 1975ā€“1992{Commun}ism
86%
Official languagePortuguese
85%
From the late 1500sā€“1820 many slaves were captured in Angola.
To what country were they most often sent?
Brazil
83%
Country that receives nearly 2/3rds of Angola's exportsChina
72%
Two longest rivers that touch some part of AngolaZambezi
67%
Angola is the number four producer of this mineral, behind only
Russia, Botswana, and Canada
Diamonds
67%
Currency of Angola (also the name of a river and an African-American holiday)Kwanza
57%
Angola and Lithuania have very little in common. One thing they do share:
this is the most popular sport in both countries.
Basketball
57%
Exclave that accounts for more than half of Angola's production of the aboveCabinda
36%
Group of people that displaced the original San and Khoi populations
in the first millenium B.C.
Bantu
33%

Score Distribution

Percentile by Number Answered

Percent of People with Each Score

Your Score History

You have not taken this quiz since the last reset